<?xml version="1.0" encoding="UTF-8"?><?xml-stylesheet type="text/xsl" href="static/style.xsl"?><OAI-PMH xmlns="http://www.openarchives.org/OAI/2.0/" xmlns:xsi="http://www.w3.org/2001/XMLSchema-instance" xsi:schemaLocation="http://www.openarchives.org/OAI/2.0/ http://www.openarchives.org/OAI/2.0/OAI-PMH.xsd"><responseDate>2026-06-05T19:23:18Z</responseDate><request verb="GetRecord" identifier="oai:riuma.uma.es:10630/35092" metadataPrefix="marc">https://riuma.uma.es/rest/oai/request</request><GetRecord><record><header><identifier>oai:riuma.uma.es:10630/35092</identifier><datestamp>2026-02-03T11:38:39Z</datestamp><setSpec>com_10630_2254</setSpec><setSpec>col_10630_37956</setSpec></header><metadata><record xmlns="http://www.loc.gov/MARC21/slim" xmlns:dcterms="http://purl.org/dc/terms/" xmlns:doc="http://www.lyncode.com/xoai" xmlns:xsi="http://www.w3.org/2001/XMLSchema-instance" xsi:schemaLocation="http://www.loc.gov/MARC21/slim http://www.loc.gov/standards/marcxml/schema/MARC21slim.xsd">
   <leader>00925njm 22002777a 4500</leader>
   <datafield ind2=" " ind1=" " tag="042">
      <subfield code="a">dc</subfield>
   </datafield>
   <datafield ind2=" " ind1=" " tag="720">
      <subfield code="a">López-López, Carmen María</subfield>
      <subfield code="e">author</subfield>
   </datafield>
   <datafield ind2=" " ind1=" " tag="720">
      <subfield code="a">Giménez-Gualdo, Ana María</subfield>
      <subfield code="e">author</subfield>
   </datafield>
   <datafield ind2=" " ind1=" " tag="720">
      <subfield code="a">Cano-Muñoz, M. Ángeles</subfield>
      <subfield code="e">author</subfield>
   </datafield>
   <datafield ind2=" " ind1=" " tag="260">
      <subfield code="c">2021</subfield>
   </datafield>
   <datafield ind2=" " ind1=" " tag="520">
      <subfield code="a">Este estudio plantea el diseño de un taller de escritura creativa con el fin de incentivar la creación literaria de cuentos en los futuros docentes. En el proceso del aprendizaje lectoescritor, y con el propósito de fomentar la escritura en la Educación Superior, la presente propuesta se articula como una revisión teórica de distintas cuestiones sobre los hábitos lectores y las claves del aprendizaje literario del código escrito. En este sentido, la familia juega un papel clave y modulador para la motivación y la generación del hábito lectoescritor, generando un ambiente positivo orientado a esta práctica con los hijos. Estas experiencias se enriquecen y amplían en el contexto escolar, donde los conocimientos literarios de los docentes&#xd;
median en las prácticas de educación lectora que ofrecen a sus alumnos. Pero, ¿conocen los futuros docentes en formación la dinámica de creación literaria desde un punto de vista de los cuentos como instrumentos didácticos de gran potencial para su inclusión en las aulas de educación infantil y primaria? Este interrogante se aborda en la segunda parte de esta propuesta para continuar en la tercera, reflexionando en torno al protagonismo del docente y su rol en la iniciación literaria.&#xd;
El estudio se centra en diseñar una propuesta de innovación basada en un taller de escritura creativa para alumnos de los Grados en Educación Infantil y Primaria. A través de la profundización en aspectos nucleares como los orígenes de la creación a partir de los conceptos de ingenium/ars horacianos, se plantearán la creatividad desde el marco de la Retórica y, sucesivamente se proporcionarán métodos de escritura narrativa así como estrategias lingüístico-comunicativas del género cuento (lenguaje, estilo y otros recursos&#xd;
literarios. El buen funcionamiento y, por ende, el éxito del taller radicará en el aprendizaje y puesta&#xd;
en práctica de dichas convenciones literarias dentro de un proyecto capaz de ofrecer&#xd;
múltiples enfoques de escritura creativa.</subfield>
   </datafield>
   <datafield ind1="8" ind2=" " tag="024">
      <subfield code="a">López, C. M., Giménez-Gualdo, A. M., y Cano, M. A. (2021). Teoría y técnica de la creación literaria: El aprendizaje de los cuentos mediante el diseño de un taller de escritura creativa. En S. A. Flores y R. Pérez (Coord.), Nuevos retos y perspectivas de la investigación en literatura lingüística y traducción (pp. 800-821).</subfield>
   </datafield>
   <datafield ind1="8" ind2=" " tag="024">
      <subfield code="a">978-84-1377-325-4</subfield>
   </datafield>
   <datafield ind1="8" ind2=" " tag="024">
      <subfield code="a">https://hdl.handle.net/10630/35092</subfield>
   </datafield>
   <datafield tag="653" ind2=" " ind1=" ">
      <subfield code="a">Escritura (Arte de escribir)</subfield>
   </datafield>
   <datafield tag="653" ind2=" " ind1=" ">
      <subfield code="a">Profesores - Formación profesional</subfield>
   </datafield>
   <datafield tag="653" ind2=" " ind1=" ">
      <subfield code="a">Cuentos infantiles</subfield>
   </datafield>
   <datafield ind2="0" ind1="0" tag="245">
      <subfield code="a">Teoría y técnica de la creación literaria: El aprendizaje de los cuentos mediante el diseño de un taller de escritura creativa.</subfield>
   </datafield>
</record>
</metadata></record></GetRecord></OAI-PMH>